000 00580nam a2200181Ia 4500
008 151202s9999||||xx |||||||||||||| ||und||
082 _bPNVM-54657
100 _aकाशिकर एस्.एम्.
245 _aतिसरा कोण.
260 _b"योगेश्वरी प्रकाशन,पुणे."
260 _c1989
300 _a216
600 _aकाशिकर एस्.एम्.
630 _aतिसरा कोण.
700 _aकाशिकर एस्.एम्.
730 _aतिसरा कोण.
942 _cBOOK
999 _c1321196
_d1321193